Sarvajna: (Record no. 190737)

MARC details
000 -LEADER
fixed length control field 00616nam a22001817a 4500
005 - DATE AND TIME OF LATEST TRANSACTION
control field 20220803171146.0
010 ## - LCCN (DPL NO)
LC control number ENG-134227
020 ## - INTERNATIONAL STANDARD BOOK NUMBER
International Standard Book Number 9788172014049
Terms of availability 50.00
035 ## - SYSTEM CONTROL NUMBER
System control number EN-117759
037 ## - SOURCE OF ACQUISITION
Source of stock number/acquisition DBAD/PUB
082 ## - DEWEY DECIMAL CLASSIFICATION NUMBER
Classification number 954.81412
100 ## - MAIN ENTRY--PERSONAL NAME
Personal name Prasad, K.B. Prabhu
245 ## - TITLE STATEMENT
Title Sarvajna:
Remainder of title Makers of Indian Literature/
Statement of responsibility, etc K.B. Prabhu Prasad
260 ## - PUBLICATION, DISTRIBUTION, ETC. (IMPRINT)
Place of publication, distribution, etc New Delhi
Name of publisher, distributor, etc Sahitya Akademi
Date of publication, distribution, etc 2019
270 ## - ADDRESS
Address Rabindra Bhavan, 35, Phirojshaha Road
City New Delhi
Postal code 110001
Electronic mail address secretary@sahitya-akademi.gov.in
Telephone number 011-23386626
300 ## - PHYSICAL DESCRIPTION
Extent 67p.
Other physical details Bibliography
Dimensions 22cm(pbk)
942 ## - ADDED ENTRY ELEMENTS (KOHA)
Source of classification or shelving scheme Dewey Decimal Classification
Item type English Books
Classification part 984.81412
Call number suffix PRA
Holdings
Withdrawn status Lost status Not for loan Collection code Home library Current library Date acquired Source of acquisition Cost, normal purchase price Full call number Barcode Copy number Cost, replacement price Koha item type
      Non-fiction Bawana Bawana 03/08/2022 DBAD/PUB 50.00 984.81412 PRA EN-117759 1 50.00 English Books

© Delhi Public Library
Hit Counter
free hit counter